[Event "NK Jeugd A"]
[Site "Assen"]
[Date "2017.04.24"]
[Round "3.9"]
[White "Bootsma, Nick"]
[Black "Bosma, Jan"]
[Result "0-1"]
[WhiteElo "1528"]
[BlackElo "1684"]
[PlyCount "44"]
[EventDate "2017.??.??"]

1. e4 Nf6 2. e5 Nd5 3. d4 d6 4. Nf3 dxe5 5. Nxe5 c6 6. c4 Nb4 7. a3 Qxd4 8. Qe2
Nc2+ 9. Qxc2 Qxe5+ 10. Be2 Bf5 11. Qc3 Nd7 12. Qxe5 Nxe5 13. O-O g6 14. Bd2 Bg7
15. Bc3 O-O 16. Re1 Rad8 17. f4 Nd3 18. Bxd3 Rxd3 19. Rxe7 Rd1+ 20. Re1 Rxe1+
21. Bxe1 Bxb2 22. Ra2 Bd4+ 0-1

[Event "NK Jeugd A"]
[Site "Assen"]
[Date "2017.04.24"]
[Round "3.10"]
[White "De Boer, Sipke"]
[Black "Nieczyporowski, Miki"]
[Result "0-1"]
[WhiteElo "1363"]
[BlackElo "1616"]
[PlyCount "22"]
[EventDate "2017.??.??"]

1. d4 Nf6 2. c4 g6 3. Nc3 d5 4. Nf3 Bg7 5. Bf4 c5 6. e3 Nc6 7. Be2 cxd4 8. Nxd4
O-O 9. cxd5 Nxd4 10. Qxd4 Nxd5 11. Qxd5 Bxc3+ 0-1

[Event "NK Jeugd A"]
[Site "Assen"]
[Date "2017.04.24"]
[Round "3.11"]
[White "Kalle, Erwin"]
[Black "Vereggen, Lars"]
[Result "0-1"]
[WhiteElo "2039"]
[BlackElo "2334"]
[PlyCount "146"]
[EventDate "2017.??.??"]

1. e4 e5 2. Nf3 Nc6 3. Bc4 Bc5 4. O-O Nf6 5. d3 O-O 6. Nbd2 d6 7. c3 a6 8. Bb3
Ba7 9. h3 Kh8 10. Re1 Nd7 11. Nf1 Nc5 12. Bc2 f5 13. exf5 Bxf5 14. d4 Bxc2 15.
Qxc2 exd4 16. cxd4 Rxf3 17. dxc5 Rf8 18. Be3 dxc5 19. Bxc5 Nd4 20. Qc3 Nf3+ 21.
gxf3 Qg5+ 22. Ng3 Bxc5 23. Kg2 Bd6 24. Re4 Rf7 25. Rae1 Raf8 26. Re8 Qb5 27.
Rxf8+ Rxf8 28. Re4 Qd5 29. a3 Kg8 30. Qe3 Qb5 31. Qc3 Kh8 32. Qd4 Qb3 33. Re3
Qf7 34. Qe4 b6 35. Qa4 a5 36. Qc6 Qg6 37. Re4 Qf7 38. Re3 h5 39. Qe4 g6 40. Qe6
Kg7 41. Qxf7+ Kxf7 42. Ne4 Bf4 43. Rc3 Re8 44. Rc4 Re7 45. Nc3 Be5 46. f4 Bxc3
47. Rxc3 c5 48. Kf3 Re6 49. b4 axb4 50. axb4 Rc6 51. bxc5 Rxc5 52. Re3 b5 53.
Kg3 b4 54. Kg2 Rb5 55. Rb3 Ke6 56. f5+ Kxf5 57. Kf3 Ke5 58. Ke3 Kd5 59. Kd3 Rb6
60. Kc2 Rc6+ 61. Kb2 Rf6 62. Rxb4 Rxf2+ 63. Kc1 Rf3 64. Rb5+ Ke6 65. h4 Rf4 66.
Rb6+ Kf7 67. Kd2 Rxh4 68. Ke3 Rg4 69. Kf3 Ra4 70. Kg3 Kg7 71. Rc6 Kh6 72. Rb6
h4+ 73. Kh3 Kh5 0-1

[Event "NK Jeugd A"]
[Site "Assen"]
[Date "2017.04.25"]
[Round "4.2"]
[White "Vrolijk, Liam"]
[Black "Van Foreest, Lucas"]
[Result "1/2-1/2"]
[WhiteElo "2378"]
[BlackElo "2477"]
[PlyCount "30"]
[EventDate "2017.??.??"]

1. d4 Nf6 2. c4 e6 3. Nc3 Bb4 4. Qc2 O-O 5. Nf3 d6 6. Bd2 Nbd7 7. a3 Bxc3 8.
Bxc3 c5 9. e3 b6 10. Be2 Bb7 11. O-O Ne4 12. Rad1 Qe7 13. dxc5 Nxc3 14. Qxc3
Nxc5 15. Nd2 Rfd8 1/2-1/2

[Event "NK Jeugd A"]
[Site "Assen"]
[Date "2017.04.25"]
[Round "4.3"]
[White "Warmerdam, Max"]
[Black "Van Dael, Siem"]
[Result "1-0"]
[WhiteElo "2351"]
[BlackElo "2051"]
[PlyCount "99"]
[EventDate "2017.??.??"]

1. e4 c5 2. Nf3 d6 3. d4 cxd4 4. Nxd4 Nf6 5. Nc3 a6 6. Be3 Ng4 7. Bc1 Nf6 8. h3
e6 9. g4 Nfd7 10. g5 Nc6 11. Be3 Nde5 12. Nxc6 Nxc6 13. Qd2 b5 14. O-O-O Qa5
15. Kb1 Bb7 16. f4 Be7 17. Bd3 O-O-O 18. Qf2 Kc7 19. Rhe1 b4 20. Ne2 d5 21. Nc1
d4 22. Bd2 Qb6 23. f5 e5 24. f6 gxf6 25. gxf6 Bd6 26. Rg1 Rdg8 27. Rg7 Rf8 28.
Qh4 h6 29. Qh5 Nd8 30. Rdg1 Kb8 31. Be1 Qc7 32. Bg3 Ne6 33. Nb3 Bc6 34. Bh2 Ng5
35. h4 Nxe4 36. Qf5 Nc5 37. Nxc5 Bxc5 38. Bxe5 Bd6 39. Bxd6 Qxd6 40. Bxa6 Bd5
41. Qd3 Kc7 42. Bc4 Qc5 43. Bxd5 Qxd5 44. b3 Kd6 45. Qa6+ Kc7 46. Qa7+ Kd6 47.
Qb6+ Kd7 48. Rd1 Rb8 49. Qa7+ Rb7 50. Rxf7+ 1-0

[Event "NK Jeugd A"]
[Site "Assen"]
[Date "2017.04.25"]
[Round "4.4"]
[White "Elgersma, Simon"]
[Black "Kevlishvili, Robby"]
[Result "0-1"]
[WhiteElo "2189"]
[BlackElo "2414"]
[PlyCount "114"]
[EventDate "2017.??.??"]

1. e4 e5 2. Nf3 Nc6 3. Bb5 a6 4. Ba4 Nf6 5. d3 d6 6. c3 g6 7. O-O Bg7 8. Re1
O-O 9. Nbd2 Bd7 10. h3 b5 11. Bc2 Nh5 12. Nf1 Qc8 13. Ne3 Re8 14. Rb1 Rb8 15.
b4 a5 16. a4 axb4 17. cxb4 bxa4 18. Nd5 Nf6 19. Nxf6+ Bxf6 20. Bd2 a3 21. Bb3
Na7 22. Qc1 Nb5 23. Bc4 Ra8 24. Ra1 Qb7 25. Bxb5 Bxb5 26. Rxa3 Rxa3 27. Qxa3
Ra8 28. Qc3 Ra4 29. Rc1 c6 30. Be3 Qa8 31. d4 Ra3 32. Qe1 Rd3 33. Ra1 Qd8 34.
Rd1 h5 35. Rxd3 Bxd3 36. dxe5 dxe5 37. Qd2 Bxe4 38. Qxd8+ Bxd8 39. Nxe5 Kg7 40.
Bd4 f6 41. Nd7 Kf7 42. Nc5 Bd5 43. f3 g5 44. Kf2 h4 45. Ke3 Bc7 46. Kf2 Bg3+
47. Kg1 Be1 48. Nd3 Bd2 49. Bc5 Bc4 50. Nf2 f5 51. Nd1 Be2 52. Ne3 Ke6 53. Kf2
Bd3 54. Nf1 Bf4 55. Be3 Bxf1 56. Bxf4 gxf4 57. Kxf1 Ke5 0-1

[Event "NK Jeugd A"]
[Site "Assen"]
[Date "2017.04.25"]
[Round "4.6"]
[White "Damen, Jip"]
[Black "Den Hartog, Marijn"]
[Result "1-0"]
[WhiteElo "1859"]
[BlackElo "2227"]
[PlyCount "137"]
[EventDate "2017.??.??"]

1. e4 e6 2. Qe2 e5 3. Nf3 Nc6 4. c3 Nf6 5. d4 d6 6. h3 g6 7. Bg5 Bg7 8. Nbd2
O-O 9. O-O-O Re8 10. Qe3 Bd7 11. Bb5 a6 12. Bxc6 exd4 13. Nxd4 bxc6 14. Qf4 Nh5
15. Qe3 f6 16. g4 Ng3 17. Bxf6 Bxf6 18. Qxg3 c5 19. Nc2 Be6 20. h4 Qd7 21. g5
Bg7 22. h5 Qa4 23. hxg6 hxg6 24. Qh4 Qxa2 25. Qh7+ Kf8 26. Rh4 Rab8 27. Rf4+
Bf7 28. b3 Rxb3 29. Nxb3 Qxb3 30. Rd3 Re7 31. Rdf3 Bxc3 32. Rxc3 Qxc3 33. Qxg6
Ke8 34. Qf5 Be6 35. Qf8+ Kd7 36. Rf3 Qe5 37. Qf6 Qh2 38. Kd2 Qh4 39. Rf4 Qh5
40. g6 Qh6 41. Ne3 Rg7 42. Qa1 Rxg6 43. Rf3 Qh5 44. Rf8 Qh6 45. Qa4+ c6 46. Ra8
d5 47. Qa5 Qh4 48. Ra7+ Ke8 49. Ke2 Bg4+ 50. Ke1 Bd7 51. Qc7 Rg1+ 52. Ke2 Bg4+
53. Kd3 c4+ 54. Kd4 Qf6+ 55. Kc5 Qf8+ 56. Kxc6 Qf6+ 57. Kc5 Qf8+ 58. Kd4 Qf6+
59. Kc5 Qf8+ 60. Kd4 Qf6+ 61. e5 Qf4+ 62. Kc5 Qf8+ 63. Kc6 Qh6+ 64. Kc5 Qf8+
65. Qd6 Qxd6+ 66. Kxd6 Bc8 67. Nxd5 Rg6+ 68. Nf6+ Kd8 69. Rh7 1-0

[Event "NK Jeugd A"]
[Site "Assen"]
[Date "2017.04.25"]
[Round "4.7"]
[White "Van Doren, Bas"]
[Black "Van Baar, Esper"]
[Result "0-1"]
[WhiteElo "1755"]
[BlackElo "2136"]
[PlyCount "92"]
[EventDate "2017.??.??"]

1. e4 c5 2. Nf3 d6 3. c3 Nf6 4. Be2 Nc6 5. d4 cxd4 6. cxd4 d5 7. e5 Ne4 8. Nc3
Nxc3 9. bxc3 e6 10. O-O Be7 11. a4 Na5 12. Ba3 Bd7 13. Nd2 Rc8 14. Bxe7 Qxe7
15. Qc2 O-O 16. Bd3 g6 17. Qb2 Rb8 18. Rfb1 Rfc8 19. f4 a6 20. Qb6 Qd8 21.
Qxd8+ Rxd8 22. Rb6 Rbc8 23. Rc1 Rc7 24. c4 dxc4 25. Ne4 Bc6 26. Nf6+ Kg7 27.
Be4 Rxd4 28. Bxc6 Rxc6 29. Rxc6 Nxc6 30. g3 b5 31. axb5 axb5 32. Ne8+ Kf8 33.
Nd6 Rd5 34. Ra1 c3 35. Ra8+ Kg7 36. Ne8+ Kh6 37. Rc8 c2 38. Rxc6 Rd1+ 39. Kg2
c1=Q 40. Rxc1 Rxc1 41. Kh3 b4 42. Kh4 Rc8 43. Nd6 Rb8 44. Nxf7+ Kg7 45. Ng5 b3
46. Nxe6+ Kg8 0-1

[Event "NK Jeugd A"]
[Site "Assen"]
[Date "2017.04.25"]
[Round "4.9"]
[White "Berghuis, Thomas"]
[Black "Van Hoorn, Geert"]
[Result "0-1"]
[WhiteElo "1215"]
[BlackElo "1952"]
[PlyCount "62"]
[EventDate "2017.??.??"]

1. e4 c5 2. Nf3 d6 3. d4 cxd4 4. Nxd4 Nf6 5. Nc3 g6 6. g3 Bg7 7. Bg2 O-O 8. O-O
Nc6 9. Nde2 Be6 10. Nd5 Qd7 11. Nef4 Rac8 12. c3 Ne5 13. h3 Rc4 14. b3 Rxe4 15.
Nxf6+ Bxf6 16. Bxe4 Bxh3 17. Bg2 Bf5 18. Be3 h5 19. Bd4 h4 20. gxh4 Kg7 21. h5
Rh8 22. Bf3 Nxf3+ 23. Qxf3 e5 24. Rad1 exd4 25. cxd4 Bg4 26. Qg3 Bxd1 27. Rxd1
Qf5 28. Kg2 g5 29. Ne2 Rxh5 30. Rf1 Qe4+ 31. Qf3 Rh2+ 0-1

[Event "NK Jeugd A"]
[Site "Assen"]
[Date "2017.04.25"]
[Round "4.10"]
[White "Nieczyporowski, Miki"]
[Black "Hartevelt, Leendert"]
[Result "0-1"]
[WhiteElo "1616"]
[BlackElo "1777"]
[PlyCount "90"]
[EventDate "2017.??.??"]

1. e4 Nf6 2. e5 Nd5 3. c4 Nb6 4. d4 d6 5. f4 dxe5 6. fxe5 c5 7. Nf3 Bg4 8. d5
g6 9. h3 Bxf3 10. Qxf3 Bg7 11. Bf4 O-O 12. Nc3 N8d7 13. Qe3 Rc8 14. Be2 Qe8 15.
O-O-O Nb8 16. Bh6 Na4 17. Bxg7 Kxg7 18. h4 Nxc3 19. bxc3 h6 20. h5 g5 21. Bd3
f5 22. e6 Rf6 23. Qe5 f4 24. Qe4 Qh8 25. g3 Kf8 26. gxf4 Rxf4 27. Rdf1 Qxc3+
28. Kd1 Qa1+ 29. Ke2 Qb2+ 30. Bc2 Qd4 31. Rxf4+ gxf4 32. Rf1 Qxe4+ 33. Bxe4 Kg7
34. Rxf4 Rf8 35. Rg4+ Kf6 36. Ke3 Ke5 37. Rg6 Rh8 38. Rg7 Kd6 39. Kf4 Na6 40.
Kf5 Nc7 41. Kg6 Ne8 42. Rh7 Rxh7 43. Kxh7 Nf6+ 44. Kxh6 Nxe4 45. Kg6 b5 0-1

[Event "NK Jeugd A"]
[Site "Assen"]
[Date "2017.04.25"]
[Round "4.11"]
[White "Bosma, Jan"]
[Black "De Boer, Sipke"]
[Result "1-0"]
[WhiteElo "1684"]
[BlackElo "1363"]
[PlyCount "101"]
[EventDate "2017.??.??"]

1. c4 Nf6 2. g3 g6 3. Bg2 Bg7 4. Nf3 O-O 5. O-O Nc6 6. d4 d5 7. cxd5 Nxd5 8.
Nc3 Nb6 9. e3 Bf5 10. a3 Qc8 11. Qe2 Bh3 12. Rd1 Bxg2 13. Kxg2 Rd8 14. Bd2 e5
15. dxe5 Nxe5 16. Nxe5 Bxe5 17. e4 Qe6 18. Bg5 Re8 19. f3 Bxc3 20. bxc3 Qe5 21.
Qd2 f5 22. Bf4 Qe7 23. exf5 gxf5 24. Re1 Qf7 25. Be5 c6 26. Qg5+ Qg6 27. Qf4
Re6 28. Qd4 Rae8 29. f4 Qf7 30. Rad1 R6e7 31. Qf2 Nc4 32. Bd4 Nxa3 33. Rxe7
Qxe7 34. Bxa7 Nb5 35. Bd4 Nxd4 36. Rxd4 Qe2 37. Rd7 b5 38. Rc7 Qxf2+ 39. Kxf2
Re6 40. Kf3 h6 41. g4 fxg4+ 42. Kxg4 Kf8 43. Kf5 Rd6 44. Ke5 Rd5+ 45. Ke6 Rc5
46. f5 Rxc3 47. Rc8+ Kg7 48. f6+ Kg6 49. Rg8+ Kh7 50. f7 Re3+ 51. Kd6 1-0

[Event "NK Jeugd A"]
[Site "Assen"]
[Date "2017.04.26"]
[Round "5.1"]
[White "Kevlishvili, Robby"]
[Black "Schoppen, Casper"]
[Result "1-0"]
[WhiteElo "2414"]
[BlackElo "2423"]
[PlyCount "185"]
[EventDate "2017.??.??"]

1. e4 d5 2. exd5 Qxd5 3. Nf3 Bg4 4. Be2 Nc6 5. h3 Bxf3 6. Bxf3 Qe5+ 7. Qe2
Qxe2+ 8. Bxe2 Nd4 9. Bd1 O-O-O 10. d3 Nf6 11. Nd2 e6 12. Nf3 Nxf3+ 13. Bxf3 Nd5
14. c3 c6 15. Ke2 Bd6 16. g3 Rhe8 17. Bg5 f6 18. Bd2 f5 19. Rhe1 e5 20. Kf1 Nf6
21. Rad1 Bc5 22. Bg5 h6 23. Bxf6 gxf6 24. Bh5 Re7 25. Bg6 f4 26. gxf4 Kc7 27.
Re4 exf4 28. Rxf4 Rf8 29. Rf5 Bd6 30. h4 Re5 31. Re1 Kd7 32. d4 Rxe1+ 33. Kxe1
Ke6 34. Ra5 a6 35. Be4 f5 36. Bf3 Bc7 37. Ra3 Kd6 38. c4 Bd8 39. Rb3 Kc7 40. h5
Bf6 41. d5 Re8+ 42. Kf1 Bd4 43. d6+ Kxd6 44. Rxb7 Re7 45. Rb8 Kc7 46. Ra8 Bxb2
47. Rxa6 Re6 48. c5 Bd4 49. Ra7+ Kb8 50. Rf7 Bxc5 51. Rxf5 Bd4 52. Rf8+ Kc7 53.
Rg8 c5 54. Rg6 Kd6 55. Be2 Rf6 56. a4 Kd5 57. Rxf6 Bxf6 58. a5 c4 59. a6 Bd4
60. Ke1 c3 61. f3 Ke5 62. Kd1 Kf4 63. Kc2 Ke3 64. Bd1 Kf4 65. Kd3 Ba7 66. Kxc3
Ke5 67. Kc4 Be3 68. Be2 Bf2 69. Kd3 Ba7 70. Bd1 Kf4 71. Kc4 Ke5 72. Kb5 Kd5 73.
Bc2 Bd4 74. f4 Be3 75. f5 Kd6 76. Bb3 Ke5 77. Be6 Kf6 78. Kc6 Kg5 79. Kd6 Kf6
80. Kd7 Bf2 81. Ke8 Bc5 82. Bc8 Bg1 83. Kf8 Bf2 84. Kg8 Bd4 85. Kh7 Kg5 86. Bd7
Be3 87. Kg7 Bd4+ 88. Kf7 Kxh5 89. f6 Kg5 90. Ke6 Kg6 91. f7 Kg7 92. Ke7 Bc5+
93. Ke8 1-0

[Event "NK Jeugd A"]
[Site "Assen"]
[Date "2017.04.26"]
[Round "5.3"]
[White "Warmerdam, Max"]
[Black "Vrolijk, Liam"]
[Result "1-0"]
[WhiteElo "2351"]
[BlackElo "2378"]
[PlyCount "95"]
[EventDate "2017.??.??"]

1. e4 e5 2. Nf3 Nc6 3. d4 exd4 4. Nxd4 Nf6 5. Nxc6 bxc6 6. e5 Qe7 7. Qe2 Nd5 8.
c4 Nb6 9. Nd2 Qe6 10. b3 Be7 11. Bb2 O-O 12. Qe4 d5 13. exd6 cxd6 14. O-O-O
Qxe4 15. Nxe4 Bf5 16. Bd3 Bg6 17. Nc3 Rad8 18. Bxg6 hxg6 19. Ba3 Rfe8 20. Kc2
d5 21. Bxe7 Rxe7 22. cxd5 Nxd5 23. Rd4 a5 24. Rhd1 Red7 25. Nxd5 cxd5 26. Ra4
Rc7+ 27. Kd2 Rdc8 28. Rxa5 Rc2+ 29. Kd3 R8c3+ 30. Kd4 Rc7 31. Ke3 Re7+ 32. Kd3
Ree2 33. a4 Rxf2 34. Rxd5 Rxg2 35. a5 Ra2 36. Kc4 f5 37. Kb5 f4 38. Rf1 g5 39.
a6 Ra3 40. b4 f3 41. Kb6 Rb2 42. b5 g4 43. Kb7 Rba2 44. Rd4 Rb2 45. b6 Rab3 46.
Rd6 Rxh2 47. a7 Ra2 48. Rg6 1-0

[Event "NK Jeugd A"]
[Site "Assen"]
[Date "2017.04.26"]
[Round "5.4"]
[White "Van Dael, Siem"]
[Black "Damen, Jip"]
[Result "1/2-1/2"]
[WhiteElo "2051"]
[BlackElo "1859"]
[PlyCount "56"]
[EventDate "2017.??.??"]

1. e4 d6 2. d4 Nf6 3. Nc3 Nbd7 4. Bc4 e5 5. Nf3 Be7 6. a4 O-O 7. O-O c6 8. Re1
a5 9. h3 h6 10. Ba2 Qc7 11. Nh4 Re8 12. Ng6 Bd8 13. Be3 Nf8 14. Nxf8 Kxf8 15.
Qd2 exd4 16. Bxd4 Be6 17. e5 dxe5 18. Bxe5 Qd7 19. Qxd7 Bxd7 20. Re2 Be7 21.
Rd1 Bf5 22. Rde1 Bb4 23. Bb3 Red8 24. Re3 Nd7 25. Rf3 Bg6 26. Bc7 Rdc8 27. Bh2
Re8 28. Rd1 Nf6 1/2-1/2

[Event "NK Jeugd A"]
[Site "Assen"]
[Date "2017.04.26"]
[Round "5.8"]
[White "De Boer, Bas"]
[Black "Bosma, Jan"]
[Result "1-0"]
[WhiteElo "2107"]
[BlackElo "1684"]
[PlyCount "95"]
[EventDate "2017.??.??"]

1. Nf3 d5 2. d4 a6 3. c4 dxc4 4. a4 Nf6 5. e3 Bg4 6. Bxc4 e6 7. O-O c5 8. Nc3
Nbd7 9. Be2 Nb6 10. Qb3 Qc7 11. h3 Bh5 12. a5 Nbd5 13. Nxd5 exd5 14. dxc5 Bxc5
15. Bd2 O-O 16. Rac1 Qd6 17. Bc3 Ne4 18. Be5 Qe6 19. Rfd1 Rfd8 20. Bd4 Bxd4 21.
Rxd4 Qd7 22. Rcd1 Nf6 23. Ne5 Qc7 24. Bxh5 Nxh5 25. Rxd5 Rxd5 26. Qxd5 Nf6 27.
Qd6 Qxd6 28. Rxd6 Kf8 29. Rb6 Rb8 30. Rxf6 Re8 31. Rxf7+ Kg8 32. Rxb7 Rxe5 33.
b4 Re6 34. Rb6 Re4 35. Kf1 Rc4 36. Ke2 Rc2+ 37. Kf3 Rb2 38. g4 g5 39. Ke4 Kf7
40. f4 gxf4 41. exf4 Re2+ 42. Kf5 Rb2 43. Rb7+ Kg8 44. Kf6 h5 45. g5 Rd2 46.
Rb8+ Kh7 47. g6+ Kh6 48. Rh8# 1-0

[Event "NK Jeugd A"]
[Site "Assen"]
[Date "2017.04.26"]
[Round "5.9"]
[White "Hartevelt, Leendert"]
[Black "Hofstra, Tijmen"]
[Result "0-1"]
[WhiteElo "1777"]
[BlackElo "1558"]
[PlyCount "108"]
[EventDate "2017.??.??"]

1. e4 c5 2. Nf3 e6 3. d4 cxd4 4. Nxd4 Bc5 5. Nc3 Qb6 6. Na4 Qa5+ 7. c3 Bxd4 8.
Qxd4 Nf6 9. f3 Nc6 10. Qd1 d5 11. b4 Qc7 12. Bg5 dxe4 13. Bxf6 gxf6 14. fxe4 a6
15. Qf3 Ke7 16. Be2 Ne5 17. Qe3 Bd7 18. Nb6 Rad8 19. Nxd7 Rxd7 20. O-O Rd6 21.
Rac1 Qb6 22. Qxb6 Rxb6 23. a3 Rd8 24. c4 Rbd6 25. c5 Rd2 26. Bf3 Ra2 27. Ra1
Rdd2 28. Rxa2 Rxa2 29. b5 Rxa3 30. Rb1 Kd7 31. Be2 Kc7 32. Rb2 axb5 33. Bxb5
Rc3 34. Rf2 Rxc5 35. Bf1 Nd7 36. Rf4 Kd6 37. Rh4 Nf8 38. Rh6 Ke7 39. Rh3 Rc8
40. Rb3 Rb8 41. Kf2 Nd7 42. Rh3 b5 43. Rxh7 Ne5 44. Rh3 b4 45. Rb3 Kd6 46. Be2
Kc5 47. Ke3 Rd8 48. Rb1 Nc4+ 49. Kf2 Rd4 50. h4 Rxe4 51. h5 Ne5 52. Rc1+ Kd4
53. h6 Rh4 54. Rd1+ Kc3 0-1

[Event "NK Jeugd A"]
[Site "Assen"]
[Date "2017.04.26"]
[Round "5.10"]
[White "Van Doren, Bas"]
[Black "Bootsma, Nick"]
[Result "1-0"]
[WhiteElo "1755"]
[BlackElo "1528"]
[PlyCount "79"]
[EventDate "2017.??.??"]

1. e4 e6 2. Nf3 d5 3. e5 c5 4. b4 cxb4 5. a3 Nc6 6. axb4 Bxb4 7. c3 Be7 8. d4
f6 9. Bd3 Qc7 10. Bf4 f5 11. Ng5 Bxg5 12. Bxg5 Qf7 13. Na3 a6 14. Nb5 Kf8 15.
Be2 h6 16. Bc1 g6 17. f4 Kg7 18. O-O Nge7 19. Nd6 Qf8 20. Ba3 b5 21. Bc5 Bd7
22. g4 Kg8 23. Kh1 Rh7 24. Qe1 Nd8 25. gxf5 Nxf5 26. Ne4 Qg7 27. Nf6+ Kh8 28.
Rg1 Qf7 29. Nxh7 Kxh7 30. Bd3 Bc8 31. Bxb5 Bb7 32. Bd3 Rc8 33. Bxf5 exf5 34.
Bd6 Ne6 35. Qg3 Rg8 36. h4 h5 37. Rab1 Qd7 38. Rb2 Qf7 39. Rgb1 Rg7 40. Rxb7
1-0

[Event "NK Jeugd A"]
[Site "Assen"]
[Date "2017.04.26"]
[Round "5.11"]
[White "Nieczyporowski, Miki"]
[Black "Berghuis, Thomas"]
[Result "1-0"]
[WhiteElo "1616"]
[BlackElo "1215"]
[PlyCount "47"]
[EventDate "2017.??.??"]

1. e4 Nf6 2. e5 Ng8 3. d4 d6 4. f4 dxe5 5. fxe5 e6 6. Nf3 b6 7. Bd3 Bb7 8. O-O
c5 9. c3 h6 10. Be3 Nd7 11. Nbd2 Ne7 12. Nc4 Nd5 13. Bf2 a6 14. Bc2 b5 15. Nd6+
Bxd6 16. exd6 c4 17. Ne5 Nxe5 18. dxe5 Nf4 19. Be3 Qg5 20. d7+ Kf8 21. Qd6+ Kg8
22. Rf2 Bxg2 23. Bxf4 Bh3+ 24. Bxg5 1-0

[Event "NK Jeugd A"]
[Site "Assen"]
[Date "2017.04.26"]
[Round "6.1"]
[White "Schoppen, Casper"]
[Black "Warmerdam, Max"]
[Result "1/2-1/2"]
[WhiteElo "2423"]
[BlackElo "2351"]
[PlyCount "52"]
[EventDate "2017.??.??"]

1. Nf3 Nf6 2. g3 g6 3. Bg2 Bg7 4. O-O O-O 5. c4 d6 6. Nc3 Nc6 7. d3 e5 8. Rb1
a5 9. a3 Re8 10. Bg5 h6 11. Bxf6 Bxf6 12. Nd2 Bg7 13. Nd5 Ne7 14. Nxe7+ Qxe7
15. b4 axb4 16. axb4 c6 17. b5 Qc7 18. Qb3 Be6 19. bxc6 bxc6 20. Qb6 Rec8 21.
Ne4 Bf8 22. Nf6+ Kh8 23. Qxc7 Rxc7 24. Ra1 Rac8 25. Rfb1 Kg7 26. Ne4 d5 1/2-1/2

[Event "NK Jeugd A"]
[Site "Assen"]
[Date "2017.04.26"]
[Round "6.2"]
[White "Vereggen, Lars"]
[Black "Kevlishvili, Robby"]
[Result "1/2-1/2"]
[WhiteElo "2334"]
[BlackElo "2414"]
[PlyCount "49"]
[EventDate "2017.??.??"]

1. d4 Nf6 2. c4 e6 3. Nc3 d5 4. Nf3 c6 5. Qb3 dxc4 6. Qxc4 b5 7. Qb3 Nbd7 8.
Bg5 Be7 9. e3 a6 10. Bxf6 Nxf6 11. Ne5 Bb7 12. Be2 O-O 13. Nd3 Nd7 14. Bf3 Qc7
15. Ne4 c5 16. dxc5 Nxc5 17. Nexc5 Bxf3 18. gxf3 Bxc5 19. Rc1 Qa5+ 20. Qc3
Qxc3+ 21. Rxc3 Bd6 22. Rc6 Rfd8 23. Ke2 Kf8 24. h3 Ke7 25. Rhc1 1/2-1/2

[Event "NK Jeugd A"]
[Site "Assen"]
[Date "2017.04.26"]
[Round "6.3"]
[White "Damen, Jip"]
[Black "Van Foreest, Lucas"]
[Result "0-1"]
[WhiteElo "1859"]
[BlackElo "2477"]
[PlyCount "94"]
[EventDate "2017.??.??"]

1. e4 e5 2. Nf3 Nc6 3. Bb5 Nf6 4. O-O Bc5 5. d3 d6 6. c3 O-O 7. h3 Ne7 8. d4
exd4 9. cxd4 Bb6 10. Nc3 c6 11. Bd3 Ng6 12. Re1 Bd7 13. e5 dxe5 14. dxe5 Nh5
15. Ng5 Nhf4 16. Bxf4 Nxf4 17. Nxh7 Qh4 18. Ne4 Kxh7 19. g3 Nxh3+ 20. Kg2 Qh6
21. Nf6+ Kh8 22. Nxd7 Nxf2 23. Qe2 Qh3+ 24. Kf3 Qg4+ 25. Kg2 Qh3+ 26. Kf3 Rad8
27. Qxf2 Bxf2 28. Rh1 Qh6 29. Rxh6+ gxh6 30. Bf5 Rxd7 31. Bxd7 Bd4 32. Ke4 Rd8
33. Bf5 Rd5 34. Bc8 Bxb2 35. Rf1 Rxe5+ 36. Kd3 b5 37. Rxf7 c5 38. Ba6 c4+ 39.
Kc2 Bd4 40. Rd7 Bb6 41. a4 bxa4 42. Bxc4 Rc5 43. Kc3 a3 44. Kb4 a5+ 45. Kc3 Bc7
46. Rd2 Bxg3 47. Ra2 Be5+ 0-1

[Event "NK Jeugd A"]
[Site "Assen"]
[Date "2017.04.26"]
[Round "6.4"]
[White "Van Hoorn, Geert"]
[Black "Beerdsen, Thomas"]
[Result "0-1"]
[WhiteElo "1952"]
[BlackElo "2446"]
[PlyCount "110"]
[EventDate "2017.??.??"]

1. e4 e6 2. d4 d5 3. Nc3 Bb4 4. e5 Bf8 5. Nf3 c5 6. Bb5+ Bd7 7. Bxd7+ Qxd7 8.
O-O Nc6 9. Ne2 cxd4 10. Nexd4 Nge7 11. Be3 a6 12. c3 Qc7 13. Qa4 Qd7 14. Nxc6
Qxc6 15. Qc2 Nf5 16. Nd4 Nxd4 17. Bxd4 Bc5 18. Qd3 Rc8 19. f4 g6 20. g4 Bxd4+
21. Qxd4 Qb5 22. Rf2 Rc4 23. Qa7 O-O 24. Qe3 Rfc8 25. Raf1 Qc5 26. Qxc5 R8xc5
27. Rd1 b5 28. a3 a5 29. Kg2 g5 30. Rd4 Rxd4 31. cxd4 Rc4 32. Rd2 gxf4 33. Kf3
Kg7 34. Kxf4 Kg6 35. h4 h5 36. Rd3 a4 37. Rd2 b4 38. axb4 Rxb4 39. Kf3 Rb3+ 40.
Kf4 Rh3 41. gxh5+ Kxh5 42. Rg2 Rd3 43. Rg7 Rxd4+ 44. Kf3 Rd3+ 45. Ke2 Rb3 46.
Rxf7 Rxb2+ 47. Kd3 a3 48. Ra7 a2 49. Ra4 Rh2 50. Ra8 Kxh4 51. Kd4 Kg5 52. Kc5
Kf5 53. Kd6 d4 54. Rf8+ Ke4 55. Rf1 d3 0-1

[Event "NK Jeugd A"]
[Site "Assen"]
[Date "2017.04.26"]
[Round "6.6"]
[White "De Boer, Bas"]
[Black "Van Dael, Siem"]
[Result "0-1"]
[WhiteElo "2107"]
[BlackElo "2051"]
[PlyCount "106"]
[EventDate "2017.??.??"]

1. Nf3 Nf6 2. c4 g6 3. Nc3 Bg7 4. g3 O-O 5. Bg2 d6 6. O-O e5 7. d3 Nc6 8. b3 e4
9. dxe4 Nxe4 10. Nxe4 Bxa1 11. Bg5 Qe8 12. Qxa1 Qxe4 13. Bh6 Ne5 14. Nd4 Qg4
15. Bxf8 Kxf8 16. f4 Nd7 17. Rf3 Qh5 18. Re3 Nf6 19. Ne6+ Bxe6 20. Qxf6 Qc5 21.
Qc3 c6 22. b4 Qb6 23. c5 Qd8 24. Qh8+ Ke7 25. cxd6+ Kd7 26. Qd4 Qb6 27. Qd2 Re8
28. Kh1 Bd5 29. Rd3 Qf2 30. e4 Qxd2 31. Rxd2 Bxe4 32. Kg1 Bxg2 33. Kxg2 Re6 34.
Kf3 Rxd6 35. Rc2 Rd4 36. Rb2 f5 37. h3 Kd6 38. g4 Rd3+ 39. Kg2 Kd5 40. gxf5
gxf5 41. Re2 Kd6 42. Re8 Rd2+ 43. Kg3 Rxa2 44. Kh4 Rg2 45. Re5 Rb2 46. Rxf5
Rxb4 47. Kg4 c5 48. Rh5 c4 49. Rxh7 c3 50. Rh8 Rc4 51. Rd8+ Ke7 52. Rd1 c2 53.
Rc1 b5 0-1

[Event "NK Jeugd A"]
[Site "Assen"]
[Date "2017.04.26"]
[Round "6.7"]
[White "Elgersma, Simon"]
[Black "Bosma, Jan"]
[Result "*"]
[WhiteElo "2189"]
[BlackElo "1684"]
[PlyCount "177"]
[EventDate "2017.??.??"]

1. e4 Nf6 2. e5 Nd5 3. d4 d6 4. c4 Nb6 5. exd6 exd6 6. Nc3 Nc6 7. Be3 Be7 8.
Bd3 Bf6 9. Nge2 Nb4 10. Bb1 O-O 11. b3 Bg4 12. a3 Nc6 13. f3 Bh5 14. O-O Re8
15. Bf2 Bg6 16. d5 Ne5 17. Bxg6 Nxg6 18. Ra2 Nd7 19. Ne4 Be5 20. Nd4 Nf6 21.
Ng3 Qd7 22. Rd2 Bf4 23. Rd3 Re5 24. Nde2 Rae8 25. Kh1 Nh5 26. Nxh5 Rxh5 27. Ng3
Rhe5 28. Bd4 Bxg3 29. hxg3 Re2 30. Rd2 Rxd2 31. Qxd2 b6 32. Bc3 Qe7 33. Qd4 Qe5
34. Qxe5 dxe5 35. g4 f6 36. Re1 Kf7 37. Kg1 Ke7 38. g3 Kd6 39. Kf2 Nf8 40. b4
Nd7 41. Rh1 h6 42. f4 Re7 43. Kf3 b5 44. cxb5 Kxd5 45. Bd2 Nb6 46. Be3 Kc4 47.
Rd1 e4+ 48. Ke2 Kxb5 49. Rc1 Nc4 50. Bc5 Nd6 51. Bxa7 Ka4 52. Bc5 Kxa3 53. b5+
Ka4 54. b6 Re8 55. bxc7 Nc8 56. Rb1 Ka5 57. Ke3 g6 58. Rb8 f5 59. gxf5 gxf5 60.
Bd4 Rg8 61. Kf2 h5 62. Bf6 Ka6 63. Bd8 Nd6 64. c8=Q+ Nxc8 65. Rxc8 Kb7 66. Rc7+
Kb8 67. Rf7 Rxd8 68. Rxf5 Kc7 69. Rxh5 Rd2+ 70. Ke3 Rd3+ 71. Kxe4 Rxg3 72. Rd5
Rg1 73. Ke5 Kc6 74. Rd2 Re1+ 75. Kf6 Rh1 76. f5 Rg1 77. Ke6 Re1+ 78. Kf7 Rf1
79. f6 Rf5 80. Ke6 Rf1 81. Rc2+ Kb6 82. Re2 Kc7 83. Ke7 Rd1 84. f7 Rd7+ 85. Kf6
Rd1 86. f8=Q Rf1+ 87. Ke7 Rxf8 88. Rc2+ Kb6 89. Kxf8 *

[Event "NK Jeugd A"]
[Site "Assen"]
[Date "2017.04.26"]
[Round "6.9"]
[White "Kalle, Erwin"]
[Black "Hartevelt, Leendert"]
[Result "1-0"]
[WhiteElo "2039"]
[BlackElo "1777"]
[PlyCount "69"]
[EventDate "2017.??.??"]

1. e4 Nf6 2. e5 Nd5 3. d4 d6 4. c4 Nb6 5. exd6 exd6 6. Nc3 Be7 7. Bd3 c6 8.
Nge2 Na6 9. O-O O-O 10. b3 Bf6 11. Be3 g6 12. Rc1 Bg7 13. Qd2 Nc7 14. Bg5 f6
15. Bh4 d5 16. c5 Nd7 17. f4 Rf7 18. f5 Nf8 19. Rf3 Bxf5 20. Bxf5 gxf5 21. Rxf5
Ng6 22. Bg3 Ne6 23. Rcf1 Qd7 24. h4 Ne7 25. R5f3 Re8 26. Bd6 Nc8 27. Bh2 Nf8
28. Ng3 Ng6 29. Nf5 Ref8 30. Ne2 Nge7 31. Neg3 Nxf5 32. Nxf5 Qd8 33. h5 Re8 34.
Nxg7 Kxg7 35. Be5 1-0